[Event "Suecia ch 2007 Mästare Elit"]
[Site "Stockholm SWE"]
[Date "2007.07.12"]
[Round "12"]
[White "Tikkanen, Hans"]
[Black "Akesson, Joel"]
[Result "1/2-1/2"]
[PlyCount "139"]
[EventDate "2007.06.30"]
[EventType "tourn"]
[EventRounds "13"]
[EventCountry "SWE"]
[Source "lmi"]
[SourceDate "2007.06.30"]
[WhiteElo "2394"]
[BlackElo "2326"]

1. d4 d5 2. c4 c6 3. Nf3 Nf6 4. Nc3 dxc4 5. a4 Bf5 6. Ne5 Nbd7 7. Nxc4 Nb6 8.
Ne5 a5 9. Bg5 Nfd5 10. e4 Nxc3 11. bxc3 Bxe4 12. Qb3 Bd5 13. c4 Be4 14. Qe3 Bf5
15. Be2 Nd7 16. d5 Nxe5 17. Qxe5 Qc8 18. Bxe7 Bxe7 19. Qxg7 Bb4+ 20. Kf1 Rf8
21. Qe5+ Be6 22. Rd1 cxd5 23. cxd5 Rg8 24. dxe6 Qxe6 25. Qxe6+ fxe6 26. Bb5+
Kf8 27. h4 Rg7 28. Rh3 Rf7 29. Rf3 Rxf3 30. gxf3 Be7 31. Rd7 b6 32. Rb7 Rc8 33.
h5 h6 34. Rxb6 Rc5 35. Ra6 Rxh5 36. Rxa5 Rf5 37. Ra8+ Kg7 38. Bc6 Bb4 39. Rb8
Ba5 40. Be4 Rc5 41. Rb7+ Rc7 42. Rb5 Ra7 43. Ke2 Bc7 44. Bc6 Kf6 45. Rh5 Bf4
46. Kd3 Ke7 47. Kc4 Bd2 48. Kc5 Be1 49. Rh2 Ra5+ 50. Bb5 Ra8 51. Kb6 Kd6 52.
Bc6 Rb8+ 53. Bb7 Rg8 54. Be4 Rb8+ 55. Bb7 Rg8 56. Rxh6 Bxf2+ 57. Ka6 Rf8 58.
Rh2 Be1 59. Re2 Bc3 60. Rc2 Bd4 61. a5 Rf7 62. Rd2 e5 63. Rc2 Rc7 64. Rd2 Rf7
65. Be4 Kc5 66. Rc2+ Kb4 67. Bb7 Rf6+ 68. Rc6 Rxc6+ 69. Bxc6 Be3 70. Be4
1/2-1/2

[Event "Suecia ch 2007 Junior-SM"]
[Site "Stockholm SWE"]
[Date "2007.07.12"]
[Round "12"]
[White "Tadjerbashi, Amir"]
[Black "Lissang, Christopher"]
[Result "1-0"]
[PlyCount "85"]
[EventDate "2007.06.30"]
[EventType "tourn"]
[EventRounds "13"]
[EventCountry "SWE"]
[Source "lmi"]
[SourceDate "2007.06.30"]
[WhiteElo "2182"]
[BlackElo "2053"]

1. e4 c5 2. Nf3 d6 3. d4 cxd4 4. Nxd4 Nf6 5. Nc3 Nc6 6. g3 e6 7. Bg2 Be7 8.
Nxc6 bxc6 9. e5 Nd5 10. exd6 Bxd6 11. O-O Ba6 12. Re1 O-O 13. Ne4 Be7 14. Qf3
Rb8 15. a3 c5 16. h4 Bb7 17. Qe2 Qb6 18. c4 Nf6 19. Bf4 Rbd8 20. Be5 Nd7 21.
Bc3 Bxe4 22. Qxe4 Bf6 23. Qc2 a5 24. Rab1 Qa6 25. Bxf6 Nxf6 26. b4 axb4 27.
axb4 cxb4 28. Rxb4 Rc8 29. Bb7 Qd6 30. Rb5 Rc5 31. Rxc5 Qxc5 32. Rd1 Rb8 33.
Qe2 g6 34. Bg2 Rb3 35. Kh2 h5 36. Bf3 e5 37. Kg2 Rc3 38. Bd5 Ng4 39. Rd2 Kg7
40. Rb2 Nf6 41. Rb7 Ng4 42. Rxf7+ Kh8 43. Qb2 1-0

[Event "Suecia ch 2007 Junior-SM"]
[Site "Stockholm SWE"]
[Date "2007.07.12"]
[Round "12"]
[White "Andersson, Alexis"]
[Black "Agrest, Inna"]
[Result "0-1"]
[PlyCount "54"]
[EventDate "2007.06.30"]
[EventType "tourn"]
[EventRounds "13"]
[EventCountry "SWE"]
[Source "lmi"]
[SourceDate "2007.06.30"]
[WhiteElo "2055"]
[BlackElo "2085"]

1. d4 Nf6 2. c4 g6 3. Nc3 Bg7 4. e4 d6 5. f4 O-O 6. Nf3 Na6 7. Bd3 e5 8. fxe5
dxe5 9. d5 Qd6 10. O-O Ng4 11. Qe1 f5 12. h3 Nh6 13. exf5 gxf5 14. Nb5 Qb6+ 15.
Be3 Qf6 16. Bg5 Qg6 17. Bxh6 Qxh6 18. Bc2 e4 19. Nfd4 c6 20. dxc6 bxc6 21. Bxe4
fxe4 22. Rxf8+ Bxf8 23. Qxe4 Bd7 24. Nc3 Re8 25. Qf3 Bc5 26. Rd1 Qg7 27. Qf4
Bxh3 0-1

[Event "Suecia ch 2007 Junior-SM"]
[Site "Stockholm SWE"]
[Date "2007.07.12"]
[Round "12"]
[White "Zadruzny, Nicolaj"]
[Black "De Verdier, Michael"]
[Result "1/2-1/2"]
[PlyCount "25"]
[EventDate "2007.06.30"]
[EventType "tourn"]
[EventRounds "13"]
[EventCountry "SWE"]
[Source "lmi"]
[SourceDate "2007.06.30"]
[WhiteElo "2209"]
[BlackElo "2123"]

1. e4 c6 2. Nf3 d5 3. exd5 cxd5 4. Ne5 Nc6 5. d4 Nf6 6. Bb5 Bd7 7. Nxd7 Qxd7 8.
O-O e6 9. c3 Bd6 10. Nd2 O-O 11. f4 Qc7 12. Qf3 Qb6 13. Bxc6 1/2-1/2

[Event "Suecia ch 2007 Junior-SM"]
[Site "Stockholm SWE"]
[Date "2007.07.12"]
[Round "12"]
[White "Nithander, Victor"]
[Black "Blomqvist, Erik"]
[Result "1/2-1/2"]
[PlyCount "84"]
[EventDate "2007.06.30"]
[EventType "tourn"]
[EventRounds "13"]
[EventCountry "SWE"]
[Source "lmi"]
[SourceDate "2007.06.30"]
[WhiteElo "2357"]
[BlackElo "2313"]

1. e4 c5 2. Nf3 Nc6 3. d4 cxd4 4. Nxd4 g6 5. c4 Nf6 6. Nc3 d6 7. Nc2 Bg7 8. Be2
Nd7 9. Bd2 O-O 10. O-O a5 11. Na3 Nc5 12. Nab5 Nd4 13. Nxd4 Bxd4 14. Bh6 Bxc3
15. bxc3 Re8 16. f3 Ra6 17. Qd2 e5 18. Bg5 f6 19. Be3 Be6 20. Rab1 Qc7 21. Rb5
Rc6 22. Rfb1 Rb8 23. Qb2 Bc8 24. Rb6 Na4 25. Rxc6 Qxc6 26. Qb3 Kg7 27. Bd1 b5
28. Qa3 Rb7 29. Kf2 Qxc4 30. Bb3 Qc7 31. Bxa4 bxa4 32. Rxb7 Bxb7 33. Qxa4 Ba6
34. Qe8 Bc4 35. Qa4 Bf7 36. Qa3 g5 37. h3 h5 38. Qb2 h4 39. Qd2 Kg6 40. a3 a4
41. Kg1 Be6 42. Kh2 Bb3 1/2-1/2

[Event "Suecia ch 2007 Veteran-SM"]
[Site "Stockholm SWE"]
[Date "2007.07.12"]
[Round "8"]
[White "Akvist, Hakan"]
[Black "Soderborg, Berndt"]
[Result "1-0"]
[PlyCount "103"]
[EventDate "2007.07.01"]
[EventCountry "SWE"]
[Source "lmi"]
[SourceDate "2007.06.30"]
[WhiteElo "2161"]
[BlackElo "2126"]

1. c4 Nf6 2. Nc3 e6 3. d4 Bb4 4. a3 Bxc3+ 5. bxc3 b6 6. f3 d5 7. Bg5 h6 8. Bh4
O-O 9. e3 Bb7 10. Bd3 Nbd7 11. Ne2 c5 12. O-O Qc8 13. Rc1 Ba6 14. cxd5 Nxd5 15.
Bf2 Bxd3 16. Qxd3 c4 17. Qd2 Qa6 18. e4 N5f6 19. Bh4 Rfe8 20. e5 Nd5 21. f4
Qxa3 22. f5 exf5 23. Rxf5 Ne7 24. Rf3 Ng6 25. Bg3 Rad8 26. Qc2 Ndf8 27. Rcf1
Rd7 28. h4 Ne6 29. h5 Ngf8 30. Bh4 Ng5 31. Bxg5 hxg5 32. Ng3 Ne6 33. Ne4 Nf4
34. Nxg5 Nd3 35. Rxd3 cxd3 36. Qxd3 Rxe5 37. Qh7+ Kf8 38. Qh8+ Ke7 39. Rxf7+
Kd6 40. Qf8+ Ree7 41. Rxg7 Kc7 42. Ne6+ Kb7 43. Nc5+ Qxc5 44. dxc5 Rxg7 45.
Qf3+ Kc7 46. cxb6+ Kxb6 47. g4 Rge7 48. h6 Re1+ 49. Kg2 Red1 50. h7 R1d2+ 51.
Kg3 R2d3 52. h8=Q 1-0

[Event "Suecia ch 2007 Veteran-SM"]
[Site "Stockholm SWE"]
[Date "2007.07.12"]
[Round "8"]
[White "Ohman, Anders"]
[Black "Gustavsson, Sture"]
[Result "1/2-1/2"]
[PlyCount "124"]
[EventDate "2007.07.01"]
[EventCountry "SWE"]
[Source "lmi"]
[SourceDate "2007.06.30"]
[WhiteElo "2067"]
[BlackElo "2109"]

1. c4 Nf6 2. g3 g6 3. Bg2 Bg7 4. Nc3 O-O 5. Nf3 d6 6. O-O e5 7. d3 Nc6 8. Ne1
Bd7 9. Bd2 Qc8 10. Nd5 Ne8 11. Bc3 Bh3 12. e3 Bxg2 13. Kxg2 Kh8 14. f4 f5 15.
Nf3 exf4 16. gxf4 Nd8 17. Rc1 c6 18. Bxg7+ Nxg7 19. Nc3 Nf7 20. Qe1 Nh5 21. Qh4
Qd8 22. Rce1 Qxh4 23. Nxh4 Rae8 24. Re2 Re7 25. Nf3 Rfe8 26. Rfe1 Kg7 27. Kf2
Kf6 28. Rg1 Nh6 29. h3 Nf7 30. Ng5 Nxg5 31. Rxg5 h6 32. Rg1 g5 33. Kf3 gxf4 34.
exf4 Rxe2 35. Nxe2 Ng7 36. Nd4 a6 37. Nc2 Rd8 38. Nd4 c5 39. Rxg7 cxd4 40. Rxb7
a5 41. Rh7 Kg6 42. Ra7 Re8 43. Rxa5 Re3+ 44. Kg2 Rxd3 45. Rd5 Rd2+ 46. Kg3 Rxb2
47. Rxd6+ Kg7 48. Rxd4 Rxa2 49. Kh4 Ra3 50. c5 Rc3 51. Rd7+ Kf6 52. Rd6+ Kg7
53. c6 Kh7 54. Rf6 Kg7 55. Rxf5 Rxc6 56. Kh5 Rc3 57. Kg4 Kg6 58. Ra5 Rc6 59. h4
Rf6 60. h5+ Kf7 61. Ra7+ Kg8 62. f5 Rb6 1/2-1/2

[Event "Suecia ch 2007 SM-gruppen"]
[Site "Stockholm SWE"]
[Date "2007.07.13"]
[Round "13"]
[White "Lindberg, Bosse"]
[Black "Smith, Axel"]
[Result "1/2-1/2"]
[PlyCount "176"]
[EventDate "2007.06.30"]
[EventType "tourn"]
[EventRounds "13"]
[EventCountry "SWE"]
[Source "lmi"]
[SourceDate "2007.06.30"]
[WhiteElo "2361"]
[BlackElo "2284"]

1. e4 e6 2. Qe2 d5 3. exd5 Qxd5 4. Nc3 Qd8 5. g3 Bd7 6. Bg2 Bc6 7. Nf3 Nf6 8.
O-O Be7 9. d3 O-O 10. Ne4 Nxe4 11. dxe4 b6 12. Rd1 Qc8 13. Nd4 Bb7 14. Bf4 Nc6
15. Qg4 Nxd4 16. Rxd4 c5 17. Rd2 Rd8 18. Rad1 Rxd2 19. Rxd2 Qe8 20. Bh6 g6 21.
Qf4 Rd8 22. Qc7 Rxd2 23. Bxd2 Bc6 24. e5 Bxg2 25. Kxg2 Qd8 26. Qxd8+ Bxd8 27.
a4 Bc7 28. f4 Kf8 29. Kf3 h5 30. Ke4 Ke8 31. h3 Kd7 32. c4 a5 33. Be1 Bd8 34.
Bc3 Ke8 35. Kf3 Kf8 36. g4 hxg4+ 37. hxg4 Bh4 38. Bd2 Ke8 39. Bc3 Kd7 40. Bd2
Ke8 41. Bc3 Kf8 42. Ke4 Ke8 43. Bd2 Kf8 44. Be3 Ke8 45. Bg1 Kf8 46. Kf3 Ke8 47.
Bh2 Kf8 48. Bg1 Ke8 49. Ke4 Kf8 50. Kd3 Ke8 51. Be3 Kd7 52. Ke2 Ke8 53. Kf3 Kf8
54. Kg2 Ke8 55. Kh3 Be1 56. Bc1 Kf8 57. f5 exf5 58. gxf5 gxf5 59. Bg5 Ke8 60.
Kg2 Kd7 61. Kf3 Ke6 62. Bf6 Bd2 63. b3 Bc3 64. Ke3 Bxe5 65. Bd8 Bc3 66. Bxb6
Bb4 67. Bc7 Bc3 68. Kf3 Bb4 69. Bf4 Bc3 70. Be3 Bb4 71. Bc1 Ke5 72. Bb2+ Ke6
73. Ke3 Kd7 74. Kf3 Ke6 75. Ke3 Kd7 76. Bg7 Ke6 77. Bh6 Kd7 78. Bf4 Ba3 79. Kf3
Bb4 80. Kg3 Be1+ 81. Kf3 Bb4 82. Bc1 Ke6 83. Kf4 Bc3 84. Be3 Bb4 85. Bf2 Kf6
86. Ke3 Ke6 87. Bg3 Kf6 88. Bh4+ Ke5 1/2-1/2

[Event "Suecia ch 2007 SM-gruppen"]
[Site "Stockholm SWE"]
[Date "2007.07.13"]
[Round "13"]
[White "Brynell, Stellan"]
[Black "Hamark, Jesper"]
[Result "1/2-1/2"]
[PlyCount "83"]
[EventDate "2007.06.30"]
[EventType "tourn"]
[EventRounds "13"]
[EventCountry "SWE"]
[Source "lmi"]
[SourceDate "2007.06.30"]
[WhiteElo "2459"]
[BlackElo "2289"]

1. e4 e5 2. Nf3 Nc6 3. Bb5 a6 4. Bxc6 dxc6 5. O-O Qd6 6. Na3 b5 7. c3 c5 8. Nc2
Bb7 9. a4 c4 10. axb5 axb5 11. Rxa8+ Bxa8 12. Na3 Nf6 13. Nxb5 Qb6 14. Na3 Bxa3
15. bxa3 O-O 16. d4 cxd3 17. Qxd3 Bxe4 18. Qe3 Qb7 19. Rd1 h6 20. Nxe5 Re8 21.
f3 Rxe5 22. fxe4 Qb1 23. Qd3 Qxd3 24. Rxd3 Rxe4 25. Kf1 Kf8 26. Rd4 Ke7 27. a4
Ke6 28. Ba3 Rxd4 29. cxd4 Kd5 30. Bf8 Ne8 31. Bc5 Kc6 32. Ke2 Nf6 33. Bf8 Ne8
34. Kd3 Kb6 35. Kc4 Ka5 36. Kc5 Kxa4 37. Kc6 Kb3 38. Kd7 Nf6+ 39. Ke7 Ng4 40.
Bxg7 Nxh2 41. Kxf7 Kc4 42. Bxh6 1/2-1/2

[Event "Suecia ch 2007 SM-gruppen"]
[Site "Stockholm SWE"]
[Date "2007.07.13"]
[Round "13"]
[White "Furhoff, Johan"]
[Black "Lindberg, Bengt"]
[Result "1-0"]
[PlyCount "73"]
[EventDate "2007.06.30"]
[EventType "tourn"]
[EventRounds "13"]
[EventCountry "SWE"]
[Source "lmi"]
[SourceDate "2007.06.30"]
[WhiteElo "2397"]
[BlackElo "2443"]

1. e4 c5 2. Nc3 Nc6 3. f4 a6 4. Nf3 e6 5. g3 b5 6. a3 Nge7 7. Bg2 d6 8. O-O g6
9. Rb1 Bg7 10. b4 cxb4 11. axb4 Bb7 12. Rb3 O-O 13. d4 Rc8 14. Ne2 Nb8 15. Re3
Nd7 16. Nd2 Qb6 17. Nb3 Nf6 18. h3 Rfd8 19. g4 e5 20. c3 exd4 21. cxd4 Re8 22.
f5 gxf5 23. gxf5 Kh8 24. Kh2 Bh6 25. Nf4 Neg8 26. d5 Rc4 27. Rg3 Rcxe4 28. Bxe4
Rxe4 29. Nh5 Bxc1 30. Nxc1 Rxb4 31. Nd3 Rh4 32. Ndf4 Nxh5 33. Nxh5 Qd4 34.
Qxd4+ Rxd4 35. Re1 Rd2+ 36. Kg1 Bxd5 37. Rxg8+ 1-0

[Event "Suecia ch 2007 SM-gruppen"]
[Site "Stockholm SWE"]
[Date "2007.07.13"]
[Round "13"]
[White "Hillarp Persson, Tiger"]
[Black "Carlsson, Pontus"]
[Result "1/2-1/2"]
[PlyCount "22"]
[EventDate "2007.06.30"]
[EventType "tourn"]
[EventRounds "13"]
[EventCountry "SWE"]
[Source "lmi"]
[SourceDate "2007.06.30"]
[WhiteElo "2567"]
[BlackElo "2480"]

1. d4 Nf6 2. c4 e6 3. Nc3 Bb4 4. Qc2 O-O 5. a3 Bxc3+ 6. Qxc3 b6 7. Bg5 d6 8.
Qf3 c6 9. e3 Bb7 10. Bxf6 Qxf6 11. Qxf6 gxf6 1/2-1/2

[Event "Suecia ch 2007 SM-gruppen"]
[Site "Stockholm SWE"]
[Date "2007.07.13"]
[Round "13"]
[White "Cramling, Pia"]
[Black "Berg, Emanuel"]
[Result "1/2-1/2"]
[PlyCount "148"]
[EventDate "2007.06.30"]
[EventType "tourn"]
[EventRounds "13"]
[EventCountry "SWE"]
[Source "lmi"]
[SourceDate "2007.06.30"]
[WhiteElo "2533"]
[BlackElo "2581"]

1. d4 Nf6 2. Nf3 e6 3. c4 b6 4. Nc3 Bb4 5. Bg5 Bb7 6. Nd2 h6 7. Bh4 Be7 8. e4
Nxe4 9. Bxe7 Nxc3 10. Bxd8 Nxd1 11. Bxc7 Nxb2 12. a4 d5 13. cxd5 exd5 14. Ra2
Nc4 15. Nxc4 dxc4 16. Bxc4 Kd7 17. Be5 f6 18. Bg3 Rc8 19. Bb5+ Ke6 20. O-O Bd5
21. Re1+ Kf7 22. Rae2 Nc6 23. Bxc6 Bxc6 24. Re7+ Kg6 25. a5 bxa5 26. Bd6 Re8
27. f3 a4 28. Kf2 a6 29. h4 h5 30. Kg3 Kf5 31. Kf2 Rxe7 32. Rxe7 Rd8 33. Bc5
Rb8 34. d5 Bxd5 35. Rxg7 Rc8 36. Bd4 a3 37. Ke3 Re8+ 38. Kd3 a2 39. g4+ hxg4
40. fxg4+ Kf4 41. Rd7 Bc6 42. Rd6 Bb5+ 43. Kc2 Re1 44. Rxf6+ Kxg4 45. Rg6+ Kh5
46. Rg3 a1=Q 47. Bxa1 Rxa1 48. Kb2 Rh1 49. Rg7 Re1 50. Kb3 Re4 51. Ka3 Kxh4 52.
Kb3 Kh5 53. Ka3 Kh6 54. Rg3 Be8 55. Kb2 Bg6 56. Ra3 Re6 57. Rg3 Kg7 58. Rf3 Be4
59. Rf2 Re5 60. Re2 Rb5+ 61. Kc3 Bf5 62. Ra2 Rb6 63. Kd4 Kf6 64. Kc5 Re6 65.
Kd4 Bg4 66. Rf2+ Ke7 67. Rf4 Rg6 68. Kc5 Kd7 69. Rf2 Kc7 70. Rg2 Rc6+ 71. Kb4
Bc8 72. Rg3 Kb6 73. Rc3 a5+ 74. Ka4 Rxc3 1/2-1/2

[Event "Suecia ch 2007 SM-gruppen"]
[Site "Stockholm SWE"]
[Date "2007.07.13"]
[Round "13"]
[White "Johansson, Jan"]
[Black "Ong, Kezli"]
[Result "1/2-1/2"]
[PlyCount "126"]
[EventDate "2007.06.30"]
[EventType "tourn"]
[EventRounds "13"]
[EventCountry "SWE"]
[Source "lmi"]
[SourceDate "2007.06.30"]
[WhiteElo "2441"]
[BlackElo "2236"]

1. e4 e5 2. Nf3 Nc6 3. Bb5 a6 4. Bxc6 dxc6 5. O-O Qd6 6. Na3 Be6 7. Qe2 f6 8.
Nc4 Qd7 9. Rd1 c5 10. c3 b5 11. Ne3 c4 12. a4 Qc6 13. axb5 axb5 14. Rxa8+ Qxa8
15. d3 cxd3 16. Qxd3 Qb8 17. Nh4 Bc5 18. Nhf5 Kf7 19. Nd5 g6 20. Qf3 h5 21.
Nfe3 c6 22. Nb4 Bxb4 23. cxb4 Ne7 24. h3 Rd8 25. g4 hxg4 26. hxg4 Rxd1+ 27.
Qxd1 Qa7 28. g5 fxg5 29. Qf3+ Ke8 30. Nf1 Qa1 31. Qc3 g4 32. Kg2 Kf7 33. Bg5
Qd1 34. Qc5 Qf3+ 35. Kg1 Nc8 36. Qxe5 g3 37. Qxg3 Qxe4 38. Ne3 Qb1+ 39. Kh2
Qxb2 40. Qc7+ Kg8 41. Qd8+ Kf7 42. Qc7+ Kg8 43. Bf4 Qxf2+ 44. Kh1 Qe1+ 45. Kg2
Qe2+ 46. Kg3 Qe1+ 47. Kg2 Qxb4 48. Qxc6 Kf7 49. Bg5 Ne7 50. Qc7 Bf5 51. Qb6
Qe4+ 52. Kf2 b4 53. Qf6+ Ke8 54. Qxe7+ Qxe7 55. Bxe7 Kxe7 56. Nd5+ Kd6 57. Nxb4
Kc5 58. Na2 Kc4 59. Nc1 Bg4 60. Kg3 Bd1 61. Kf4 Kc3 62. Kg5 Kc2 63. Kxg6 Kxc1
1/2-1/2

[Event "Suecia ch 2007 SM-gruppen"]
[Site "Stockholm SWE"]
[Date "2007.07.13"]
[Round "13"]
[White "Karlsson, Lars"]
[Black "Akesson, Ralf"]
[Result "0-1"]
[PlyCount "102"]
[EventDate "2007.06.30"]
[EventType "tourn"]
[EventRounds "13"]
[EventCountry "SWE"]
[Source "lmi"]
[SourceDate "2007.06.30"]
[WhiteElo "2493"]
[BlackElo "2477"]

1. c4 Nf6 2. g3 e6 3. Nf3 b6 4. Bg2 Bb7 5. O-O c5 6. b3 Be7 7. Bb2 O-O 8. e3 a6
9. d3 d6 10. a3 Nc6 11. Nbd2 b5 12. Qc2 Rb8 13. Rab1 Ba8 14. d4 bxc4 15. bxc4
cxd4 16. exd4 Qd7 17. Bc3 h6 18. Rfe1 Rxb1 19. Qxb1 Rb8 20. Qc2 Bd8 21. d5 exd5
22. cxd5 Na7 23. Ne4 Nxd5 24. Nxd6 Nxc3 25. Re8+ Qxe8 26. Nxe8 Rb1+ 27. Bf1
Nab5 28. Qd3 Bb6 29. Nd6 Rd1 30. Qc4 Rxd6 31. Ne5 Bd5 32. Qc8+ Kh7 33. Bd3+ g6
34. Qf8 Rf6 35. Bxg6+ Rxg6 36. Nxg6 Kxg6 37. Qg8+ Kf6 38. Qh8+ Ke7 39. Qxh6 Bc5
40. h4 Ne4 41. Qh8 Bxf2+ 42. Kg2 Bxg3 43. h5 Bf4 44. a4 Nf6+ 45. Kf1 Nc7 46.
Qc8 Nxh5 47. Qg4 Ng3+ 48. Ke1 Ne6 49. Qh4+ Kd7 50. Qh7 Nc5 51. a5 Nce4 0-1

[Event "Suecia ch 2007 Mästare Elit"]
[Site "Stockholm SWE"]
[Date "2007.07.13"]
[Round "13"]
[White "Janse, Love"]
[Black "Tikkanen, Hans"]
[Result "0-1"]
[PlyCount "80"]
[EventDate "2007.06.30"]
[EventType "tourn"]
[EventRounds "13"]
[EventCountry "SWE"]
[Source "lmi"]
[SourceDate "2007.06.30"]
[WhiteElo "2090"]
[BlackElo "2394"]

1. e4 c5 2. f4 d5 3. exd5 Nf6 4. Bb5+ Bd7 5. Bxd7+ Qxd7 6. c4 e6 7. Qe2 Bd6 8.
d3 O-O 9. dxe6 fxe6 10. Nf3 Nc6 11. O-O Rae8 12. Nc3 e5 13. f5 Nd4 14. Qd1 Nxf5
15. Bg5 Ng4 16. Qd2 Nd4 17. Ne4 Be7 18. Bxe7 Qxe7 19. Rae1 b6 20. Nc3 Qd6 21.
Ne4 Qd8 22. Qd1 Nf5 23. Qd2 Nd4 24. Qd1 Kh8 25. Nfg5 Nf6 26. Nxf6 gxf6 27. Ne4
f5 28. Nc3 Qg5 29. Qc1 f4 30. Ne4 Qg6 31. Kh1 Rg8 32. Qd2 Nf5 33. Rf3 Rd8 34.
Rh3 Ne3 35. Qe2 Rxd3 36. Nf6 Rg7 37. Nh5 Rgd7 38. Qf2 Rd2 39. Qf3 Rd1 40. Qa8+
Rd8 0-1

[Event "Suecia ch 2007 Mästare Elit"]
[Site "Stockholm SWE"]
[Date "2007.07.13"]
[Round "13"]
[White "Wademark, Helge"]
[Black "Rosberg, Simon"]
[Result "1/2-1/2"]
[PlyCount "118"]
[EventDate "2007.06.30"]
[EventType "tourn"]
[EventRounds "13"]
[EventCountry "SWE"]
[Source "lmi"]
[SourceDate "2007.06.30"]
[WhiteElo "2153"]
[BlackElo "2205"]

1. e4 c5 2. Nc3 e6 3. g3 Nc6 4. Bg2 g6 5. d3 Bg7 6. Be3 d6 7. Qd2 Rb8 8. Nge2
Nd4 9. Nd1 b6 10. c3 Nxe2 11. Qxe2 Ba6 12. O-O Ne7 13. f4 O-O 14. Re1 Qd7 15.
Nf2 b5 16. d4 cxd4 17. Bxd4 e5 18. fxe5 dxe5 19. Bc5 Qc7 20. b4 Rfe8 21. a4 Nc8
22. Red1 Bf8 23. Bxf8 Rxf8 24. Qe3 bxa4 25. Rxa4 Bb5 26. Ra2 a6 27. Rd5 Rb6 28.
Rc5 Rc6 29. Nd3 Bxd3 30. Rxc6 Qxc6 31. Qxd3 Qb6+ 32. Kh1 Rd8 33. Qe2 Qc6 34.
Ra3 Ne7 35. Bf1 Kg7 36. Qc4 Qf6 37. Qe2 Rd2 38. Rxa6 Rxe2 39. Rxf6 Re3 40. Rd6
Rxc3 41. b5 Rb3 42. Kg2 Rb4 43. Bd3 h6 44. Kf3 Nc8 45. Rd5 Kf6 46. Ke3 Ke6 47.
Kd2 f5 48. Kc3 Ra4 49. Rc5 Nd6 50. exf5+ gxf5 51. Bc2 Ra8 52. Bb3+ Kf6 53. Kb4
f4 54. Rc6 Ke7 55. gxf4 exf4 56. b6 f3 57. Rc7+ Kf6 58. Rc3 Rb8 59. Rxf3+ Ke5
1/2-1/2

[Event "Suecia ch 2007 Mästare Elit"]
[Site "Stockholm SWE"]
[Date "2007.07.13"]
[Round "13"]
[White "Semcesen, Daniel"]
[Black "Hedman, Erik"]
[Result "1/2-1/2"]
[PlyCount "92"]
[EventDate "2007.06.30"]
[EventType "tourn"]
[EventRounds "13"]
[EventCountry "SWE"]
[Source "lmi"]
[SourceDate "2007.06.30"]
[WhiteElo "2348"]
[BlackElo "2346"]

1. d4 e6 2. c4 Nf6 3. Nf3 c5 4. e3 cxd4 5. Nxd4 Nc6 6. a3 d5 7. cxd5 exd5 8.
Nc3 Bd6 9. Be2 O-O 10. O-O a6 11. b4 Qc7 12. Nf3 d4 13. exd4 Nxb4 14. Bb2 Nbd5
15. Rc1 Nf4 16. Nd5 Nxe2+ 17. Qxe2 Qd8 18. Nxf6+ Qxf6 19. d5 Qh6 20. h3 Bd7 21.
Rfe1 Rfe8 22. Qc4 Qh5 23. Qb3 b5 24. Bd4 Rxe1+ 25. Rxe1 f6 26. Nd2 Re8 27. Re4
a5 28. Bb2 a4 29. Rxe8+ Bxe8 30. g4 axb3 31. gxh5 Bxh5 32. Nxb3 Bf7 33. Nd4 Be8
34. Kg2 Kf7 35. Kf3 Bd7 36. h4 Kg6 37. Ke4 f5+ 38. Ke3 Kh5 39. Ne6 g6 40. Ng5
h6 41. Nf7 Bf8 42. d6 Be8 43. Bf6 Bxf7 44. d7 Bc5+ 45. Kf4 Bd6+ 46. Ke3 Bc5+
1/2-1/2

[Event "Suecia ch 2007 Mästare Elit"]
[Site "Stockholm SWE"]
[Date "2007.07.13"]
[Round "13"]
[White "Johansson, Gunnar"]
[Black "Logdahl, Harald"]
[Result "1/2-1/2"]
[PlyCount "80"]
[EventDate "2007.06.30"]
[EventType "tourn"]
[EventRounds "13"]
[EventCountry "SWE"]
[Source "lmi"]
[SourceDate "2007.06.30"]
[WhiteElo "2272"]
[BlackElo "2250"]

1. d4 d5 2. Nf3 Nc6 3. Bf4 Bg4 4. e3 e6 5. c4 Bb4+ 6. Nc3 Nge7 7. h3 Bh5 8. Rc1
O-O 9. a3 Bxc3+ 10. Rxc3 Ng6 11. Bh2 Bxf3 12. Qxf3 e5 13. dxe5 d4 14. exd4 Qxd4
15. Qe3 Ngxe5 16. Be2 Rfe8 17. O-O Ng6 18. Qd3 Nf4 19. Bxf4 Qxf4 20. Bf3 Rad8
21. Qb1 Nd4 22. Qc1 Qxc1 23. Rfxc1 Re2 24. Bxe2 Nxe2+ 25. Kf1 Nxc1 26. Rxc1 Rd2
27. Re1 Kf8 28. Re2 Rd1+ 29. Re1 Rd2 30. Re2 Rd1+ 31. Re1 Rxe1+ 32. Kxe1 Ke7
33. Ke2 Kd6 34. Kd3 Ke5 35. Ke3 c5 36. f4+ Ke6 37. Ke4 f5+ 38. Ke3 Kd6 39. Kd3
Ke6 40. Ke3 Kd6 1/2-1/2

[Event "Suecia ch 2007 Mästare Elit"]
[Site "Stockholm SWE"]
[Date "2007.07.13"]
[Round "13"]
[White "Nilsson, Sebastian"]
[Black "Welin, Mats"]
[Result "0-1"]
[PlyCount "70"]
[EventDate "2007.06.30"]
[EventType "tourn"]
[EventRounds "13"]
[EventCountry "SWE"]
[Source "lmi"]
[SourceDate "2007.06.30"]
[WhiteElo "2218"]
[BlackElo "2195"]

1. e4 e5 2. Nf3 Nc6 3. d4 exd4 4. Nxd4 Bc5 5. Nb3 Bb4+ 6. c3 Be7 7. c4 Nf6 8.
Nc3 a5 9. a3 O-O 10. Be2 Re8 11. Be3 b6 12. O-O Bb7 13. f3 d6 14. Nd5 Nd7 15.
Nxe7+ Qxe7 16. Re1 f5 17. Qd5+ Qf7 18. Qxf7+ Kxf7 19. c5 bxc5 20. exf5 Ba6 21.
Bxa6 Rxa6 22. Nd2 Ne7 23. g4 Ne5 24. Bg5 Rb6 25. Bxe7 Rxe7 26. Rab1 c4 27. Kg2
d5 28. Nf1 Nd3 29. Rxe7+ Kxe7 30. Ne3 Kd6 31. g5 Ke5 32. f6 gxf6 33. gxf6 Nf4+
34. Kf1 Kxf6 35. b4 cxb3 0-1

[Event "Suecia ch 2007 Mästare Elit"]
[Site "Stockholm SWE"]
[Date "2007.07.13"]
[Round "13"]
[White "Akesson, Joel"]
[Black "Marttala, Thomas"]
[Result "1/2-1/2"]
[PlyCount "81"]
[EventDate "2007.06.30"]
[EventType "tourn"]
[EventRounds "13"]
[EventCountry "SWE"]
[Source "lmi"]
[SourceDate "2007.06.30"]
[WhiteElo "2326"]
[BlackElo "2271"]

1. d4 Nf6 2. Nf3 g6 3. c4 Bg7 4. g3 O-O 5. Bg2 c6 6. Nc3 d5 7. cxd5 cxd5 8. Ne5
e6 9. O-O Nc6 10. Nxc6 bxc6 11. Bf4 Nd7 12. Rc1 Qb6 13. Na4 Qxd4 14. Rxc6 Qxd1
15. Rxd1 Ne5 16. Rc2 Ba6 17. Nc5 Rfc8 18. Rdc1 Bb5 19. b3 h6 20. a4 Be8 21. h4
a5 22. Bd2 Rc7 23. Nd3 Rxc2 24. Rxc2 Nc6 25. e3 Rb8 26. Nc5 Nb4 27. Bxb4 Rxb4
28. Na6 Rb6 29. Rc8 Rxa6 30. Rxe8+ Bf8 31. Bf1 Ra7 32. h5 g5 33. Rc8 Kg7 34.
Bb5 Bb4 35. Kg2 Bd6 36. Rc6 Bb4 37. Kf3 Re7 38. Rc8 Bd6 39. Rc6 Bb4 40. Rc8 Bd6
41. Rc6 1/2-1/2

[Event "Suecia ch 2007 Junior-SM"]
[Site "Stockholm SWE"]
[Date "2007.07.13"]
[Round "13"]
[White "De Verdier, Michael"]
[Black "Nithander, Victor"]
[Result "0-1"]
[PlyCount "38"]
[EventDate "2007.06.30"]
[EventType "tourn"]
[EventRounds "13"]
[EventCountry "SWE"]
[Source "lmi"]
[SourceDate "2007.06.30"]
[WhiteElo "2123"]
[BlackElo "2357"]

1. d4 g6 2. Nf3 Bg7 3. g3 d6 4. Bg2 Nd7 5. O-O e5 6. Nc3 Ne7 7. e4 O-O 8. a4
exd4 9. Nxd4 Nc6 10. Be3 Nde5 11. Nxc6 bxc6 12. Rb1 c5 13. Qe2 Bg4 14. f3 Be6
15. Rfd1 Qb8 16. Nd5 c6 17. Nf4 Ba2 18. Rbc1 Qxb2 19. Rxd6 Nc4 0-1

[Event "Suecia ch 2007 Junior-SM"]
[Site "Stockholm SWE"]
[Date "2007.07.13"]
[Round "13"]
[White "Agrest, Inna"]
[Black "Zadruzny, Nicolaj"]
[Result "0-1"]
[PlyCount "108"]
[EventDate "2007.06.30"]
[EventType "tourn"]
[EventRounds "13"]
[EventCountry "SWE"]
[Source "lmi"]
[SourceDate "2007.06.30"]
[WhiteElo "2085"]
[BlackElo "2209"]

1. e4 c5 2. Nf3 d6 3. d4 cxd4 4. Nxd4 Nf6 5. Nc3 g6 6. Be3 Bg7 7. f3 O-O 8. Qd2
Nc6 9. Bc4 Nd7 10. h4 Nb6 11. Bb3 Na5 12. Qd3 Nxb3 13. axb3 d5 14. exd5 Nxd5
15. Nxd5 Qxd5 16. h5 Rd8 17. Rd1 e5 18. Nb5 Qxd3 19. Rxd3 Bf5 20. Rd2 e4 21. c3
exf3 22. gxf3 Rxd2 23. Kxd2 Be6 24. Kc2 Bd5 25. Rf1 Re8 26. Bd2 Re2 27. Kd3 Rh2
28. hxg6 fxg6 29. c4 Be6 30. Nd6 Bf8 31. Ne4 Bf5 32. Bc3 h5 33. Be5 Rg2 34. Bd4
a6 35. Rf2 Rxf2 36. Bxf2 Bg7 37. Kc2 Kf7 38. b4 Ke6 39. Bg3 Be5 40. Bh4 Bf6 41.
Bf2 h4 42. Kd3 h3 43. Bg3 Bxb2 44. Ke3 Bc1+ 45. Nd2 Ba3 46. b5 Bc5+ 47. Ke2 Bd6
48. f4 axb5 49. cxb5 g5 50. Kf3 Bxf4 51. Bxf4 gxf4 52. Nf1 Bd3 53. Nh2 Bxb5 54.
Kxf4 Kd5 0-1